000 00609nam a2200205Ia 4500
005 20250508164542.0
008 008 250505s9999 xx 000 0 eng d
037 _aTextual
040 _aFEDL
_beng
_cFEDL
041 _aeng
_2eng
084 _a370.19, FEL
_qFEDL
100 _aFeldman Robert S Ed.
_990644
245 0 _aSocial psychology of education : Current research and theory
260 _aCambridge
_bCambridge University Press
_c1990
300 _aviii,381p.
546 _aMACESE
650 _aEducational sociology
942 _cTEXL
_h370.19, FEL
999 _c1389755
_d1389755